Marketing Research (Record no. 11670)

MARC details
000 -LEADER
fixed length control field 00446nam a22001937a 4500
003 - CONTROL NUMBER IDENTIFIER
control field OSt
008 - FIXED-LENGTH DATA ELEMENTS--GENERAL INFORMATION
fixed length control field 230106b ||||| |||| 00| 0 eng d
020 ## - INTERNATIONAL STANDARD BOOK NUMBER
International Standard Book Number 9789390177530
082 ## - DEWEY DECIMAL CLASSIFICATION NUMBER
Classification number 658.83 BEM
100 ## - MAIN ENTRY--PERSONAL NAME
Personal name BERI,GC
245 ## - TITLE STATEMENT
Title Marketing Research
250 ## - EDITION STATEMENT
Edition statement 6th Ed.
260 ## - PUBLICATION, DISTRIBUTION, ETC. (IMPRINT)
Place of publication, distribution, etc New Delhi
Name of publisher, distributor, etc TMH
Date of publication, distribution, etc 2020
300 ## - PHYSICAL DESCRIPTION
Extent 606
650 ## - SUBJECT ADDED ENTRY--TOPICAL TERM
Topical term or geographic name as entry element Marketing Research
700 ## - ADDED ENTRY--PERSONAL NAME
Personal name KAUSHIK,Arun Kumar
700 ## - ADDED ENTRY--PERSONAL NAME
Personal name RAHMAN,Zillur
942 ## - ADDED ENTRY ELEMENTS (KOHA)
Source of classification or shelving scheme Dewey Decimal Classification
Koha item type Reference Books
Holdings
Withdrawn status Lost status Source of classification or shelving scheme Damaged status Not for loan Collection code Home library Current library Date acquired Source of acquisition Currency Cost, normal purchase price Bill Number Total Checkouts Full call number Acc. no. / Barcode Date last seen Actual Cost, discounted price Bill Date Koha item type
    Dewey Decimal Classification     MBA PIET C-LIBRARY PIET C-LIBRARY 09/12/2022 International Book Centre IN Rupees 875.00 IB/IN/851   658.83 BEM 34330 06/01/2023 603.75 09/12/2022 Reference Books
    Dewey Decimal Classification     MBA PIET C-LIBRARY PIET C-LIBRARY 28/12/2022 International Book Centre IN Rupees 875.00 IB/IN/927   658.83 BEM 34474 30/01/2023 603.75 28/12/2022 Reference Books

Design & Developed by: PIET Central Library
R70 Miles Stone Pattikalyana Samalkha Panipat 132102
mail ID :- [email protected], Phone No:- 0180-2569700 Ex.216